000 00507nam a2200133Ia 4500
008 100328s9999 xx 000 0 und d
082 _b37552
100 _aकुलकर्णी श्री.वा.
245 _aसहशालेय उपक्रम संच 1-भा-5
260 _bअतुल बुक एजन्सी
630 _aसहशालेय उपक्रम संच 1-भा-5
730 _aसहशालेय उपक्रम संच 1-भा-5
942 _cBOOK
999 _c526951
_d526948